000 00654nam a22002057a 4500
999 _c6772
_d6772
003 AR-CdUCM
008 190225b ||||| |||| 00| 0 spa d
040 _aMUNICIPALIDAD PROVINCIAL DEL CUSCO
_cBIBLIOTECA MUNICIPAL DEL CUSCO
082 _a082 /
_bV39
_24 ed.
100 _aVega, Lope De
_92605
245 _aFuenteovejuna :
_bPeribañez y el comendador de Ocaña /
260 _aLima :
_bUniverso,
_c1981
300 _a224 paginas ;
_c17 cm.
440 _aColección Autores Clásicos
_n19
_919060
650 _aTeatro español
_9648
650 _aEdad de Oro
_919061
650 _aSiglo XVII
_92242
942 _2ddc
_cLIBROS
945 _araen
_d2019-02-25